|
|
|
|
| LEADER |
02183nam a2200277 a 4500 |
| 001 |
00630818 |
| 003 |
GR-PaULI |
| 008 |
020213s2003 r 001 0 gre d |
| 040 |
|
|
|a GrPaTEI
|b gre
|c GR-PaULI
|
| 082 |
|
0 |
|a 597
|2 22
|
| 110 |
2 |
|
|a Πανελλήνιος Σύλλογος Ιχθυολόγων Δημοσίου
|d (11ο :
|f 2003 :
|e Πρέβεζα)
|
| 245 |
1 |
0 |
|a 11ο Πανελλήνιο Συνέδριο Ιχθυολόγων :
|b Πρέβεζα 10-13 Απριλίου 2003: πρακτικά /
|c Πανελλήνιος Σύλλογος Ιχθυολόγων Δημοσίου ; υπό την αιγίδα του Υπουργείου Γεωργίας και της Νομαρχιακής Αυτοδιοίκησης Πρέβεζας ; οργανωτική και γραμματειακή υποστήριξη Νομαρχιακή Αυτοδιοίκηση Πρέβεζας Τμήμα Αλίειας, Κρατικός Ιχθυογεννητικός Σταθμός Πωγωνίτσας.
|
| 246 |
3 |
|
|a Εξελίξεις και η αξιοποίηση της επιστήμης και της τεχνολογίας στην Αλιεία,στις Υδατοκαλλιέργειες,στη Διαχείριση υδάτινων πόρων
|
| 260 |
|
|
|a Πρέβεζα :
|b [χ. ε],
|c 2003.
|
| 300 |
|
|
|a 304 σ. :
|b εικ., πίν. ;
|c 30 εκ.
|
| 500 |
|
|
|a Περιλαμβάνει ευρετήριο.
|
| 650 |
|
0 |
|a Fishes
|x Research
|v Congresses
|
| 650 |
|
0 |
|a Ichthyology
|v Congresses
|
| 650 |
|
7 |
|a Ιχθυολογία
|v Συνέδρια
|2 lcsh/gre
|
| 650 |
|
7 |
|a Ψάρια
|x Έρευνα
|v Συνέδρια
|2 lcsh/gre
|
| 710 |
2 |
|
|a Νομαρχιακή Αυτοδιοίκηση Πρέβεζας/Τμήμα Αλίειας
|
| 710 |
2 |
|
|a υπό την αιγίδα του Υπουργείου Γεωργίας και της Νομαρχιακής Αυτοδιοίκησης Πρέβεζας
|
| 942 |
|
|
|2 ddc
|
| 952 |
|
|
|0 0
|1 0
|2 ddc
|4 0
|6 597_000000000000000_ΠΑΝ
|7 0
|9 250418
|a MSLG
|b MSLG
|c BSC
|d 2021-01-17
|e 24
|f 0
|g 0.00
|l 0
|o 597 ΠΑΝ
|p 99242000028364
|r 2021-01-17 00:00:00
|t 1
|w 2021-01-17
|y BK15
|x Items transfered from Loc16 to Loc24
|x GrPaTEI
|
| 971 |
|
|
|a .b11769439
|b 24-09-20
|c 27-08-15
|
| 999 |
|
|
|c 148640
|d 148640
|